Sevilla, lirio y clavel (Record no. 30356)

MARC details
000 -LEADER
campo de control de longitud fija 00656nam a2200193 i 4500
001 - NÚMERO DE CONTROL
campo de control 30356
003 - IDENTIFICADOR DE NÚMERO DE CONTROL
campo de control ES-MaACL
005 - FECHA Y HORA DE LA ÚLTIMA TRANSACCIÓN
campo de control 20250909200002.0
007 - CAMPO FIJO DE DESCRIPCIÓN FÍSICA--INFORMACIÓN GENERAL
campo de control de longitud fija t|
008 - DATOS DE LONGITUD FIJA--INFORMACIÓN GENERAL
campo de control de longitud fija 030124s1948 sp ||||1| spa d
100 1# - ENTRADA PRINCIPAL--NOMBRE DE PERSONA
Nombre de persona Barrios Masero, M.,
9 (RLIN) 235240
Fechas asociadas al nombre 1892-1971
Término indicativo de función/relación Autor
245 10 - MENCIÓN DEL TÍTULO
Título Sevilla, lirio y clavel
Resto del título : (poesías) /
Mención de responsabilidad, etc. Manuel Barrios Masero ; prólogo de J. Romero Murube.
260 ## - PUBLICACIÓN, DISTRIBUCIÓN, ETC.
Lugar de publicación, distribución, etc. [S.l. :
Nombre del editor, distribuidor, etc. s.n.,
Fecha de publicación, distribución, etc. 1948] (
Lugar de fabricación/manufactura Sevilla :
Fabricante Artes gráficas)
300 ## - DESCRIPCIÓN FÍSICA
Extensión 135 p., 5 lám. :
Otras características físicas il. ;
Dimensiones 18 cm.
700 1# - ENTRADA AGREGADA--NOMBRE PERSONAL
Nombre de persona Romero Murube, Joaquín,
Fechas asociadas al nombre 1904-1969
9 (RLIN) 99419
852 ## - LOCALIZACIÓN
Ubicación ES-MaACL
Número de control de estantería C-5033
Sublocalización o colección R.25706
942 ## - ELEMENTOS DE ENTRADA SECUNDARIOS (KOHA)
Fuente del sistema de clasificación o colocación Clasificación decimal universal
Holdings
Estatus retirado Estado de pérdida Estado de daño No para préstamo Biblioteca de origen Biblioteca actual Ubicación en estantería Fecha de adquisición Fuente de adquisición Total de préstamos Signatura topográfica completa Código de barras Visto por última vez Precio de reemplazo Tipo de ítem Koha
        Biblioteca del Ateneo de Madrid Biblioteca del Ateneo de Madrid Sala Palomar 17/01/2008     C-5033 1031337 23/02/2023 23/02/2023 Libro impreso